Emoji Quiz #39 - Statistics

General Stats
  • This quiz has been taken 10 times
  • The average score is 12 of 25
Answer Stats
Hint Answer % Correct
🏑 {house}
100%
β›ͺ {church}
86%
🏫 {school}
71%
🏦 {bank}
57%
🏰 {castle}
57%
🏭 {factory}
57%
πŸ₯ {hospital}
57%
🏑 house with {garden}
57%
πŸ—Ύ map of {Japan}
57%
🏒 {office} building
57%
πŸ—½ {Statue} {of} {Liberty}
57%
πŸŒ‰ bridge at {night}
43%
πŸͺ {convenience} store
43%
πŸ›• {Hindu} temple
43%
🏯 {Japanese} castle
43%
πŸ•‹ {kaaba}
43%
πŸ•Œ {mosque}
43%
πŸ• {synagogue}
43%
πŸ—Ό {Tokyo} tower
43%
🏣 {Japanese} post office
29%
🏀 {post} {office}
29%
🏬 {department} store
14%
🏨 {hotel}
14%
⛩️ shinto {shrine}
14%
πŸ’’ {wedding}
14%
No matching quizzes found
Score Distribution
Percent of People with Each Score
Percentile by Number Answered
Your Score History
You have not taken this quiz